Truyện cổ thành Đồ Bàn
में बचाया:
| मुख्य लेखक: | |
|---|---|
| स्वरूप: | पुस्तक |
| भाषा: | Undetermined |
| प्रकाशित: |
Đồng Nai
Nxb. Đồng Nai
2000
|
| विषय: | |
| टैग : |
टैग जोड़ें
कोई टैग नहीं, इस रिकॉर्ड को टैग करने वाले पहले व्यक्ति बनें!
|
| Thư viện lưu trữ: | Trung tâm Học liệu Trường Đại học Cần Thơ |
|---|
| LEADER | 00494nam a2200169Ia 4500 | ||
|---|---|---|---|
| 001 | CTU_40003 | ||
| 008 | 210402s9999 xx 000 0 und d | ||
| 082 | |a 398.2 | ||
| 082 | |b Nh121/2000 | ||
| 100 | |a Nguyễn Xuân Nhân | ||
| 245 | 0 | |a Truyện cổ thành Đồ Bàn | |
| 245 | 0 | |c Nguyễn Xuân Nhân | |
| 260 | |a Đồng Nai | ||
| 260 | |b Nxb. Đồng Nai | ||
| 260 | |c 2000 | ||
| 650 | |a folklore, vietnamese | ||
| 980 | |a Trung tâm Học liệu Trường Đại học Cần Thơ | ||